[Event "Lions Cup Roma"]
[Site "SchemingMind.com"]
[Date "2014.01.23"]
[Round "-"]
[White "SAMAEL"]
[Black "kenneth m day"]
[Result "1-0"]
[WhiteCountry "CAN"]
[BlackCountry "USA"]
[WhiteElo "1752"]
[WhiteRD "56"]
[BlackElo "1753"]
[BlackRD "49"]
[GameID "346218"]

1. e4 e5 2. Nf3 Nc6 3. Be2 Nf6 4. d3 Bc5 5. O-O O-O 6. Nc3 d5 7. a3 dxe4 8. Nxe4 Be7 9. Re1 h6 10. h3 Bf5
11. Nxf6+ Bxf6 12. Rb1 Re8 13. Nh2 Bh4 14. Nf3 Bf6 15. Bd2 Qd5 16. Nh2 Rad8 17. Bc3 Nd4 18. Bg4 Bg6 19. Bh5 Bxh5 20. Qxh5 Nxc2
21. Red1 Nd4 22. Bxd4 Qxd4 23. Ng4 Bg5 24. Nh2 Bh4 25. Rf1 Be7 26. Rfd1 Bc5 27. Qe2 Re6 28. Nf3 Qd6 29. Qc2 Rg6 30. Rbc1 Bb6
31. Kh1 Qe6 32. Nh2 Qf6 33. f3 Qf4 34. Re1 c5 35. Re4 Qg5 36. Rg4 Qf5 37. Rxg6 Qxg6 38. Rd1 Qg3 39. Nf1 Qf4 40. Qe2 Qd4
41. Ne3 Rd6 42. Nf5 Qd5 43. Ne7+
1-0

[Event "Lions Cup Roma"]
[Site "SchemingMind.com"]
[Date "2014.01.23"]
[Round "-"]
[White "SAMAEL"]
[Black "eun77"]
[Result "1-0"]
[WhiteCountry "CAN"]
[BlackCountry "ISR"]
[WhiteElo "1752"]
[WhiteRD "56"]
[BlackElo "1371"]
[BlackRD "53"]
[GameID "346219"]

1. Nc3 e5 2. d3 d6 3. e4 h6 4. h3 c6 5. Nf3 Nf6 6. Be2 Be7 7. O-O O-O 8. Be3 Nh7 9. Qd2 Bg5 10. Bxg5 Nxg5
11. Nxg5 Qxg5 12. Qxg5 hxg5 13. f3 Be6 14. a3 Nd7 15. b4 b5 16. Rfc1 a6 17. Nd1 Nf6 18. c4 bxc4 19. dxc4 Nh5 20. Ne3 Nf4
21. Bf1 Rab8 22. c5 dxc5 23. Rxc5 Rbc8 24. Bxa6 Rcd8 25. Rxc6 Rd2 26. Rac1 Ne2+ 27. Bxe2 Rxe2 28. R1c3 Rd8 29. Kf1 Rdd2 30. Rc2 Rxc2
31. Nxc2 Rd2 32. Rc7 Bb3 33. Ne3 Ra2 34. Ra7 Be6 35. a4 Ra3 36. Kf2
1-0

[Event "Lions Cup Roma"]
[Site "SchemingMind.com"]
[Date "2014.01.23"]
[Round "-"]
[White "alexyongpohweng"]
[Black "SAMAEL"]
[Result "0-1"]
[WhiteCountry "MAS"]
[BlackCountry "CAN"]
[WhiteElo "1303"]
[WhiteRD "45"]
[BlackElo "1759"]
[BlackRD "59"]
[GameID "346221"]

1. e4 e5 2. Qh5 d6 3. Bc4 g6 4. Qf3 Qf6 5. Qxf6 Nxf6 6. Nc3 a6 7. a3 Nc6 8. Nf3 Bg7 9. O-O O-O 10. Bb3 Ne7
11. a4 Bg4 12. h3 Bxf3 13. gxf3 c5 14. Nd5 Nexd5 15. exd5 Rac8 16. c4 Nh5 17. Kg2 f5 18. Kh2 Nf4 19. Kg3 Ne2+ 20. Kg2 Bh6
21. Re1 Nxc1 22. Raxc1 Bxd2 23. Rcd1 Bxe1 24. Rxe1 Kf7 25. Kg1 Kf6 26. Bc2 Rb8 27. Kg2 b5 28. cxb5 axb5 29. Bb3 bxa4 30. Bxa4 Rxb2
31. Bd1 Rfb8 32. Be2 Rd2 33. Kf1 Rxd5 34. Bc4 Rd4 35. Ba2 Rb2 36. Bb1 Rdd2 37. Kg1 Rxf2
0-1

[Event "Lions Cup Roma"]
[Site "SchemingMind.com"]
[Date "2014.01.23"]
[Round "-"]
[White "lordstripes"]
[Black "SAMAEL"]
[Result "1/2-1/2"]
[WhiteCountry "ENG"]
[BlackCountry "CAN"]
[WhiteElo "1911"]
[WhiteRD "106"]
[BlackElo "1720"]
[BlackRD "55"]
[GameID "346222"]

1. e4 e5 2. Nf3 d6 3. d4 exd4 4. Nxd4 Nf6 5. Nc3 Be7 6. Bd3 Bd7 7. O-O O-O 8. f4 Nc6 9. Nxc6 Bxc6 10. Be3 a6
11. Nd5 Nxd5 12. exd5 Bd7 13. Qh5 g6 14. Qf3 b6 15. f5 Bg5 16. Bd4 Bf6 17. Bxf6 Qxf6 18. fxg6 Qd4+ 19. Qf2 Qxf2+ 20. Rxf2 fxg6
21. Raf1 Rxf2 22. Rxf2 a5 23. c4 Rf8 24. h3 Rxf2 25. Kxf2 Kg7 26. Kf3 Kf6 27. g4 h6 28. Kf4 g5+ 29. Ke4 h5 30. Be2 h4
31. b3 Bc8=
1/2-1/2

[Event "Lions Cup Roma"]
[Site "SchemingMind.com"]
[Date "2014.01.27"]
[Round "-"]
[White "emvarela"]
[Black "SAMAEL"]
[Result "0-1"]
[WhiteCountry "ARG"]
[BlackCountry "CAN"]
[WhiteElo "1753"]
[WhiteRD "48"]
[BlackElo "1720"]
[BlackRD "55"]
[GameID "346223"]

1. e4 e5 2. Nf3 d6 3. d4 exd4 4. Nxd4 Nf6 5. Nc3 Bd7 6. Bg5 Be7 7. Bxf6 Bxf6 8. Bc4 Nc6 9. Nxc6 Bxc6 10. Bd5 Bxc3+
11. bxc3 Qd7 12. c4 O-O 13. Qf3 Rae8 14. O-O Bxd5 15. cxd5 Qa4 16. Rfe1 Qxc2 17. Re2 Qc4 18. Rae1 Re7 19. Qb3 Qxb3 20. axb3 Rfe8
21. f3 f5 22. Kf2 fxe4 23. Rxe4 Rxe4 24. Rxe4 Rxe4 25. fxe4 Kf7 26. Ke3 Kf6 27. Kd4 a5 28. h4 b5 29. g4 g5 30. h5 h6
0-1

[Event "Lions Cup Roma"]
[Site "SchemingMind.com"]
[Date "2014.01.23"]
[Round "-"]
[White "kenneth m day"]
[Black "SAMAEL"]
[Result "1-0"]
[WhiteCountry "USA"]
[BlackCountry "CAN"]
[WhiteElo "1757"]
[WhiteRD "49"]
[BlackElo "1720"]
[BlackRD "55"]
[GameID "346224"]

1. e4 e5 2. f4 d6 3. Nf3 exf4 4. Be2 Nf6 5. Nc3 Be7 6. d4 h6 7. Bxf4 a6 8. Qd2 Bg4 9. O-O-O Nc6 10. h3 Bd7
11. g4 Na7 12. e5 Nh7 13. exd6 cxd6 14. Ne4 d5 15. Nc3 Be6 16. Ne5 Bg5 17. Bd3 Bxf4 18. Qxf4 Qf6 19. Qg3 Qe7 20. Rde1 O-O-O
21. Rhf1 Qc7 22. Qf2 Nf6 23. Bf5 Rhf8 24. Nxf7 Rxf7 25. Bxe6+ Kb8 26. Bxf7 Qxf7 27. Qf4+ Kc8 28. h4 Qc7 29. Qxc7+ Kxc7 30. Re7+ Rd7
31. Rfe1 Nc6 32. Rxd7+ Kxd7 33. g5 hxg5 34. hxg5 Nh7 35. g6 Nf8 36. Nxd5 Nxg6 37. c3 Nge7 38. Nxe7 Nxe7 39. Rg1 g6 40. c4 b6
41. Kd2
1-0

[Event "Lions Cup Roma"]
[Site "SchemingMind.com"]
[Date "2014.01.25"]
[Round "-"]
[White "eun77"]
[Black "SAMAEL"]
[Result "0-1"]
[WhiteCountry "ISR"]
[BlackCountry "CAN"]
[WhiteElo "1371"]
[WhiteRD "53"]
[BlackElo "1752"]
[BlackRD "56"]
[GameID "346225"]

1. c4 c5 2. d3 d6 3. e4 e5 4. h3 h6 5. Nf3 Nf6 6. Be2 Be7 7. O-O O-O 8. Nh2 Nc6 9. Be3 Bd7 10. Bg4 Bxg4
11. Nxg4 Qd7 12. Nxf6+ Bxf6 13. Nd2 a6 14. Nf3 Be7 15. Nh2 f5 16. exf5 Qxf5 17. f3 Nb4 18. Qb1 Qxd3 19. Qxd3 Nxd3 20. b3 Nf4
21. Bxf4 Rxf4 22. Rad1 a5 23. Rfe1 a4 24. Re4 Rxe4 25. fxe4 axb3 26. axb3 Ra2 27. Rd3 Re2 28. Kf1 Rxe4 29. Nf3 Rf4 30. Ke2 e4
31. Rd5 exf3+ 32. gxf3 Rh4 33. Rd3 Rxh3 34. Kf2 Rh5 35. Kg2 Re5 36. Kf2 g5 37. Rd1 Kg7 38. Ra1 Bf6 39. Ra7 Re7 40. Ra2 Kg6
41. Ra7 h5 42. Ra4 h4 43. Ra2 Bd4+ 44. Kg2 Kh5 45. Rd2 Re3 46. Ra2 Rxb3 47. Rc2 Rb2 48. Rxb2 Bxb2
0-1

[Event "Lions Cup Roma"]
[Site "SchemingMind.com"]
[Date "2014.01.24"]
[Round "-"]
[White "David Hartley"]
[Black "alexyongpohweng"]
[Result "1-0"]
[WhiteCountry "ENG"]
[BlackCountry "MAS"]
[WhiteElo "1819"]
[WhiteRD "70"]
[BlackElo "1230"]
[BlackRD "45"]
[GameID "346234"]

1. e4 e5 2. Nf3 d6 3. d4 exd4 4. Qxd4 Nc6 5. Bb5 Bd7 6. Bxc6 Bxc6 7. O-O Nf6 8. Nc3 Be7 9. Re1 O-O 10. Be3 b6
11. Red1 Rb8 12. h3 Nd7 13. Qc4 Ra8 14. Qe2 Rb8 15. Rd3 a6 16. Rad1 b5 17. Nd5 Bxd5 18. exd5 Nb6 19. b3 a5 20. Nd4 Nxd5
21. Bd2 b4 22. Nc6 Qc8 23. Rxd5 Rb6 24. Nxe7+
1-0

[Event "Lions Cup Roma"]
[Site "SchemingMind.com"]
[Date "2014.01.23"]
[Round "-"]
[White "David Hartley"]
[Black "lordstripes"]
[Result "1/2-1/2"]
[WhiteCountry "ENG"]
[BlackCountry "ENG"]
[WhiteElo "1813"]
[WhiteRD "64"]
[BlackElo "1948"]
[BlackRD "102"]
[GameID "346235"]

1. e4 c6 2. c3 d5 3. exd5 cxd5 4. Nf3 Nc6 5. d4 Bf5 6. Bf4 a6 7. Bd3 Bxd3 8. Qxd3 e6 9. O-O Nf6 10. Nbd2 b5
11. Rac1 Be7 12. Be5 h6 13. h3 O-O 14. Rce1 Bd6 15. Re2 Bxe5 16. Nxe5 Nxe5 17. Rxe5 Nd7 18. Re3 Re8 19. Rfe1 Qc7 20. Nf3 Qc4
21. b3 Qxd3 22. Rxd3 Ra7 23. Nd2 Nb6 24. Rde3 Rae7 25. Nf3 Rc7 26. Nd2 Rec8 27. Nb1 Nd7 28. Rd3 Nf6 29. f3 Nh5 30. Kh2 Nf4
31. Rde3 a5 32. g3 Nh5 33. Kg2 b4 34. cxb4 Rc2+ 35. R3e2 axb4 36. a4 Rxe2+ 37. Rxe2 Rc1 38. Rb2 Nf6 39. Nd2 Rc3 40. Kf2 Ne8
41. Ke2 Nd6 42. Kd1 Nf5 43. g4 Nxd4 44. a5 Nxf3 45. Rc2 Rxc2 46. Kxc2 Nd4+ 47. Kb2 Nc6 48. a6 Kf8 49. Nf3 Ke7 50. Nd4 Na7
51. Nc2 Kd6 52. Nxb4 Kc5 53. Nd3+ Kb5 54. h4 Kxa6 55. Ne5 f6 56. Ng6 e5 57. Ne7 d4 58. Nf5 g6 59. Nxh6 d3 60. h5 gxh5
61. gxh5 Nc6 62. Ng4 f5 63. Ne3 f4 64. Nf5 e4 65. h6 e3 66. Kc1 e2 67. Kd2 Ne5 68. h7 Nf3+ 69. Kxd3 e1=Q 70. h8=Q Qd2+
71. Kc4 Qc2+ 72. Kb4 Qd2+=
1/2-1/2

[Event "Lions Cup Roma"]
[Site "SchemingMind.com"]
[Date "2014.01.27"]
[Round "-"]
[White "David Hartley"]
[Black "emvarela"]
[Result "0-1"]
[WhiteCountry "ENG"]
[BlackCountry "ARG"]
[WhiteElo "1800"]
[WhiteRD "62"]
[BlackElo "1766"]
[BlackRD "50"]
[GameID "346236"]

1. e4 e5 2. Nf3 Nc6 3. Bb5 f5 4. d3 fxe4 5. dxe4 Nf6 6. Nc3 Bb4 7. Bxc6 dxc6 8. Qxd8+ Kxd8 9. Bd2 Bxc3 10. Bxc3 Nxe4
11. Bxe5 Re8 12. Rd1+ Nd6 13. O-O Bg4 14. Bxd6 cxd6 15. Rxd6+ Kc7 16. Rd3 Re2 17. Nd4 Re7 18. f3 Bh5 19. Rfd1 Bg6 20. R3d2 Rae8
21. Kf2 a6 22. c3 c5 23. Ne2 b5 24. b3 c4 25. Nf4 Bf7 26. bxc4 Bxc4 27. h4 Re3 28. Nd3 Bxd3 29. Rxd3 Re2+ 30. Kf1 Rxa2
31. Rd7+ Kb6 32. R7d2 Rxd2 33. Rxd2 Re7 34. Kf2 a5 35. g4 a4 36. f4 a3 37. Ra2 Ra7 38. h5 Kc5
0-1

[Event "Lions Cup Roma"]
[Site "SchemingMind.com"]
[Date "2014.01.23"]
[Round "-"]
[White "David Hartley"]
[Black "kenneth m day"]
[Result "0-1"]
[WhiteCountry "ENG"]
[BlackCountry "USA"]
[WhiteElo "1822"]
[WhiteRD "66"]
[BlackElo "1757"]
[BlackRD "49"]
[GameID "346237"]

1. e4 e5 2. Nf3 Nc6 3. Bb5 f5 4. Nc3 fxe4 5. Nxe4 Nf6 6. Nxf6+ gxf6 7. d4 Bg7 8. dxe5 Nxe5 9. O-O O-O 10. Re1 c6
11. Ba4 d5 12. Bf4 Bg4 13. h3 Bh5 14. g4 Bg6 15. Nxe5 fxe5 16. Bg3 e4 17. c3 Qb6 18. Qd2 Qd8 19. Bc2 Qf6 20. Rf1 Rae8
21. Rae1 h5 22. Bd1 hxg4 23. Bxg4 Bf5 24. Bxf5 Qxf5 25. Kg2 Re6 26. Qd1 Rh6 27. Rh1 Rg6 28. Reg1 Be5 29. Kh2 Kf7 30. Bxe5 Qxf2+
0-1

[Event "Lions Cup Roma"]
[Site "SchemingMind.com"]
[Date "2014.01.24"]
[Round "-"]
[White "David Hartley"]
[Black "eun77"]
[Result "1-0"]
[WhiteCountry "ENG"]
[BlackCountry "ISR"]
[WhiteElo "1800"]
[WhiteRD "62"]
[BlackElo "1371"]
[BlackRD "53"]
[GameID "346238"]

1. e4 e5 2. Nf3 d6 3. d4 exd4 4. Qxd4 Qf6 5. Be3 Qxd4 6. Bxd4 b6 7. Nbd2 h6 8. Bc4 Be7 9. Bxg7 Rh7 10. Bc3 Ba6
11. O-O Bxc4 12. Nxc4 Nd7 13. Rfe1 O-O-O 14. Rad1 Kb8 15. Nd4 Bf6 16. Nc6+ Kc8 17. Nxd8 Kxd8 18. Bxf6+ Ngxf6 19. e5 dxe5 20. Nxe5 Kc8
21. Nxd7 Nxd7 22. Re8+ Kb7 23. Rxd7 Rg7 24. Ree7 Rg6 25. Rxc7+ Ka6 26. Rxa7+ Kb5 27. Rxf7 Re6 28. Rfe7 Rd6 29. Rad7 Rc6 30. c3 Ka6
31. f4 Rf6 32. a4
1-0

[Event "Lions Cup Roma"]
[Site "SchemingMind.com"]
[Date "2014.01.25"]
[Round "-"]
[White "David Hartley"]
[Black "SAMAEL"]
[Result "1-0"]
[WhiteCountry "ENG"]
[BlackCountry "CAN"]
[WhiteElo "1813"]
[WhiteRD "64"]
[BlackElo "1772"]
[BlackRD "56"]
[GameID "346240"]

1. e4 e5 2. Nf3 d6 3. d4 exd4 4. Qxd4 Nc6 5. Bb5 Bd7 6. Bxc6 Bxc6 7. Nc3 h6 8. O-O Nf6 9. Re1 Be7 10. h3 a6
11. Nd5 O-O 12. Bf4= Re8 13. Nxe7+ Qxe7 14. Re3 Qd7 15. Nd2 Re6 16. Rae1 Rae8 17. f3 Nh7 18. c4 b6 19. Nf1 f6 20. Ng3 g5
21. Nh5 gxf4 22. Nxf4 R6e7 23. b3 Nf8 24. Qxf6 Kh7 25. Qc3 Ne6 26. Nh5 Rf8 27. Nf6+ Rxf6 28. Qxf6 Rf7 29. Qc3 a5 30. Kf2 Nf4
31. Rh1 Nh5 32. Qc2 Kg8 33. g4 Ng7 34. Rd1 Qe7 35. Rde1 Qh4+ 36. Kg2 Ne6 37. Qf2 Nf4+ 38. Kf1 Qxf2+ 39. Kxf2 Nxh3+ 40. Kg3 Nf4
41. Rh1 Kg7 42. e5 dxe5 43. Rxe5 Ng6 44. Re3 Rd7 45. Rhe1 Bb7 46. f4 Kf7 47. f5 Ne7 48. R3e2 h5 49. gxh5 Nxf5+ 50. Kf4 Ne7
51. Kg5 Nc6 52. h6 Kg8 53. Kg6 Rd6+ 54. Re6 Ne7+ 55. Kg5 Rxe6 56. Rxe6 Nc8 57. Kg6 Nd6 58. Re7 Be4+ 59. Kf6 Kh8 60. Ke5 Bg6
61. Rxc7 Ne4 62. Rc6 Bh7 63. Rc8+
1-0

[Event "Lions Cup Roma"]
[Site "SchemingMind.com"]
[Date "2014.01.23"]
[Round "-"]
[White "alexyongpohweng"]
[Black "David Hartley"]
[Result "0-1"]
[WhiteCountry "MAS"]
[BlackCountry "ENG"]
[WhiteElo "1303"]
[WhiteRD "45"]
[BlackElo "1797"]
[BlackRD "68"]
[GameID "346241"]

1. e4 e5 2. Nf3 Nc6 3. Bb5 a6 4. Bxc6 dxc6 5. Nxe5 Qd4 6. Nf3 Qxe4+ 7. Qe2 Qxe2+ 8. Kxe2 Nf6 9. Nc3 Bb4 10. a3 Ba5
11. b4 Bb6 12. Bb2 O-O 13. a4 Re8+ 14. Kf1 Bg4 15. Re1 Bxf3 16. gxf3 Rxe1+ 17. Kxe1 Re8+ 18. Kf1 Re6 19. Ne4 Nxe4 20. fxe4 Rxe4
21. Kg2 Re2 22. Rf1 Rxd2 23. a5 Ba7 24. Bc3 Rxc2 25. Be1 c5 26. bxc5 Bxc5 27. Kf3 Bd4 28. Ke4 Bf6 29. Bb4 Rc4+ 30. Kd5 Rxb4
0-1

[Event "Lions Cup Roma"]
[Site "SchemingMind.com"]
[Date "2014.01.23"]
[Round "-"]
[White "lordstripes"]
[Black "David Hartley"]
[Result "1-0"]
[WhiteCountry "ENG"]
[BlackCountry "ENG"]
[WhiteElo "1911"]
[WhiteRD "106"]
[BlackElo "1822"]
[BlackRD "66"]
[GameID "346242"]

1. e4 e5 2. Nf3 Nc6 3. Bb5 a6 4. Ba4 b5 5. Bb3 Na5 6. O-O Nxb3 7. axb3 Bd6 8. d3 Nf6 9. Bg5 O-O 10. Nc3 Bb7
11. Ne2 c6 12. Ng3 Re8 13. Re1 Re6 14. Nf5 Bc7 15. Qd2 Qe8 16. Re2 Bb6 17. Rae1 c5 18. c3 Bd8 19. d4 d6 20. d5 Re7
21. Nxd6 Qd7 22. Nxb7 Qxb7 23. Bxf6 gxf6 24. Nh4 Ba5 25. Nf5 Kf8 26. Qh6+ Ke8 27. Nd6+
1-0

[Event "Lions Cup Roma"]
[Site "SchemingMind.com"]
[Date "2014.01.26"]
[Round "-"]
[White "emvarela"]
[Black "David Hartley"]
[Result "0-1"]
[WhiteCountry "ARG"]
[BlackCountry "ENG"]
[WhiteElo "1753"]
[WhiteRD "48"]
[BlackElo "1822"]
[BlackRD "66"]
[GameID "346243"]

1. e4 e6 2. d4 d5 3. Nc3 Nf6 4. Bg5 Be7 5. Bxf6 Bxf6 6. exd5 exd5 7. Nf3 O-O 8. Be2 Nc6 9. O-O Be6 10. Re1 Re8
11. Bb5 Qd6 12. Bxc6 Qxc6 13. Ne5 Bxe5 14. dxe5 Rad8 15. Qd3 d4 16. Ne2 Qb6 17. b3 c5 18. Rad1 Bc8 19. Nf4 Qc7 20. Qg3 Rxe5
0-1

[Event "Lions Cup Roma"]
[Site "SchemingMind.com"]
[Date "2014.01.23"]
[Round "-"]
[White "kenneth m day"]
[Black "David Hartley"]
[Result "0-1"]
[WhiteCountry "USA"]
[BlackCountry "ENG"]
[WhiteElo "1757"]
[WhiteRD "49"]
[BlackElo "1822"]
[BlackRD "66"]
[GameID "346244"]

1. e4 e5 2. f4 exf4 3. Nf3 Be7 4. Bc4 Nf6 5. d3 d5 6. exd5 Nxd5 7. O-O Bc5+ 8. d4 Bb6 9. Qe2+ Be6 10. Nc3 O-O
11. Bxd5 Bxd5 12. Bxf4 Bxf3 13. Qxf3 Nc6 14. Kh1 Nxd4 15. Qd3 Qd7 16. Rf3 Rad8 17. Rh3 g6 18. Rd1 Qc8 19. Qg3 Nxc2 20. Qh4 h5
21. Rhd3 Rxd3 22. Rxd3 Nb4 23. Rd2 Re8 24. h3 c6 25. Rd1 Qf5 26. Qg5 Qxg5 27. Bxg5 Bc7 28. a3 Na6 29. g4 hxg4 30. hxg4 Nc5
31. Kg2 b5 32. Rh1 Kg7 33. Rf1 Nd7 34. Rd1 Nf6 35. Rf1 Nxg4 36. Rf3 f6 37. Bd2 Ne5 38. Rh3 g5 39. Rh1 Nc4 40. Bc1 Be5
41. Nd1 Nxb2 42. Nxb2 Bxb2
0-1

[Event "Lions Cup Roma"]
[Site "SchemingMind.com"]
[Date "2014.01.24"]
[Round "-"]
[White "eun77"]
[Black "David Hartley"]
[Result "0-1"]
[WhiteCountry "ISR"]
[BlackCountry "ENG"]
[WhiteElo "1550"]
[WhiteRD "60"]
[BlackElo "1822"]
[BlackRD "66"]
[GameID "346245"]

1. e4 e5 2. d3 Nc6 3. Nf3 Nf6 4. Be2 Be7 5. h3 O-O 6. O-O d6 7. Nh2 Be6 8. Bg4 Qd7 9. Bxe6 Qxe6 10. Nf3 h6
11. Be3 Rfd8 12. Nh2 Kh7 13. Ng4 Nxg4 14. Qxg4 Qxg4 15. hxg4 Rh8 16. c3 g5 17. Nd2 Kg6 18. f3 h5 19. Kf2 hxg4 20. fxg4 Bf6
21. Rh1 Rad8 22. Rxh8 Rxh8 23. Rg1 Bg7 24. Nf3 f6 25. g3 b6 26. a4 a5 27. d4 exd4 28. Bxd4 Nxd4
0-1

[Event "Lions Cup Roma"]
[Site "SchemingMind.com"]
[Date "2014.01.23"]
[Round "-"]
[White "SAMAEL"]
[Black "David Hartley"]
[Result "0-1"]
[WhiteCountry "CAN"]
[BlackCountry "ENG"]
[WhiteElo "1720"]
[WhiteRD "55"]
[BlackElo "1822"]
[BlackRD "66"]
[GameID "346247"]

1. e4 e5 2. Nf3 Nc6 3. d3 d5 4. exd5 Qxd5 5. Be2 Bd7 6. Nc3 Qd6 7. Bd2 a6 8. a3 Nf6 9. O-O Bf5 10. Re1 Be7
11. h3 O-O 12. Nh2 Rad8 13. Be3 e4 14. dxe4 Nxe4 15. Nxe4 Bxe4 16. Qxd6 Bxd6 17. c3 Rfe8 18. Nf1 Ne5 19. f3 Bc6 20. Rad1 Ng6
21. Bc4 Re5 22. Bf2 Rde8 23. Rxe5 Rxe5 24. Kh1 Kf8 25. Bg3 Rc5 26. Bxd6+ cxd6 27. Bd3 Nf4 28. Kg1 Rg5 29. Rd2 Bxf3 30. Ne3 Nxd3
31. Rxd3 d5 32. Kf2 Be4 33. Rd2 Ke7 34. g3 Ke6 35. h4 Rg6 36. Nf1 f5 37. Ke3 Ke5 38. Re2 Rg4 39. Kf2 f4 40. Rd2 fxg3+
41. Nxg3 Rxh4
0-1